000 00438nam a2200205Ia 4500
001 13135
003 GE_BSU
008 181216s||||||||xx |||||||||||||| ||und||
020 _a9780751545197
040 _cGE_BSU
080 _a821.111-32
100 _aBillingham,Mark.
245 _aScaredy cat.
260 _aLondon.
260 _bMixed Sources.
260 _c2002
300 _a411p;20cm.
653 _aScaredy cat.
942 _cBK
999 _c46299
_d46299